00245nam a2200109Ia 4500008004100000041001200041082001100053100001400064245004500078260000600123650000600129221030s9999 xx 000 0 und d aEnglish a105.23 aM. G. Raj 0aProblems in Electrostaticscby M. G. Raj c0 aB